Countries of the World - Statistics

General Stats
  • This quiz has been taken 69 times
  • The average score is 149 of 196
Answer Stats
Answer % Correct
Ivory Coast
96%
Afghanistan
92%
Albania
92%
Algeria
92%
Andorra
92%
Angola
92%
Antigua
92%
Argentina
92%
Armenia
92%
Australia
92%
Austria
92%
Azerbaijan
92%
Iceland
92%
India
92%
Indonesia
92%
Iran
92%
Iraq
92%
Ireland
92%
Israel
92%
Italy
92%
Democratic Republic of the Congo
88%
Eswatini
88%
Macedonia
88%
Cambodia
83%
Cameroon
83%
Canada
83%
Cape Verde
83%
Central African Republic
83%
Chad
83%
Chile
83%
China
83%
Colombia
83%
Comoros
83%
Costa Rica
83%
Croatia
83%
Cuba
83%
Cyprus
83%
Czechia
83%
Namibia
83%
Nauru
83%
Nepal
83%
Netherlands
83%
New Zealand
83%
Nicaragua
83%
Niger
83%
Nigeria
83%
North Korea
83%
Norway
83%
Republic of the Congo
83%
Romania
83%
Russia
83%
Rwanda
83%
Ecuador
79%
Egypt
79%
El Salvador
79%
Equatorial Guinea
79%
Eritrea
79%
Estonia
79%
Ethiopia
79%
Gabon
79%
Gambia
79%
Georgia
79%
Germany
79%
Ghana
79%
Greece
79%
Grenada
79%
Guatemala
79%
Guinea
79%
Guinea-Bissau
79%
Guyana
79%
Micronesia
79%
Saint Kitts and Nevis
79%
Saint Lucia
79%
Saint Vincent and the Grenadines
79%
Samoa
79%
San Marino
79%
Sao Tome and Principe
79%
Saudi Arabia
79%
Senegal
79%
Serbia
79%
Seychelles
79%
Sierra Leone
79%
Singapore
79%
Slovakia
79%
Slovenia
79%
Solomon Islands
79%
Somalia
79%
South Africa
79%
South Korea
79%
South Sudan
79%
Spain
79%
Sri Lanka
79%
Sudan
79%
Suriname
79%
Sweden
79%
Switzerland
79%
Syria
79%
Timor Leste
79%
Uganda
79%
Ukraine
79%
United Arab Emirates
79%
United Kingdom
79%
United States of America
79%
Uruguay
79%
Uzbekistan
79%
Denmark
75%
Djibouti
75%
Dominica
75%
Dominican Republic
75%
Myanmar
75%
Oman
75%
Bahamas
71%
Bahrain
71%
Bangladesh
71%
Barbados
71%
Belarus
71%
Belgium
71%
Belize
71%
Benin
71%
Bhutan
71%
Bolivia
71%
Bosnia and Herzegovina
71%
Botswana
71%
Brazil
71%
Brunei
71%
Bulgaria
71%
Burkina Faso
71%
Burundi
71%
Tanzania
71%
Laos
71%
Latvia
71%
Lebanon
71%
Lesotho
71%
Liberia
71%
Libya
71%
Liechtenstein
71%
Lithuania
71%
Luxembourg
71%
Taiwan
71%
Tajikistan
71%
Thailand
71%
Togo
71%
Tonga
71%
Trinidad and Tobago
71%
Tunisia
71%
Turkey
71%
Turkmenistan
71%
Tuvalu
71%
Yemen
71%
Fiji
67%
Finland
67%
France
67%
Haiti
67%
Honduras
67%
Hungary
67%
Kazakhstan
67%
Kenya
67%
Kiribati
67%
Kosovo
67%
Kuwait
67%
Kyrgyzstan
67%
Madagascar
67%
Malawi
67%
Malaysia
67%
Maldives
67%
Mali
67%
Malta
67%
Marshall Islands
67%
Mauritania
67%
Mauritius
67%
Mexico
67%
Moldova
67%
Monaco
67%
Mongolia
67%
Montenegro
67%
Morocco
67%
Mozambique
67%
Pakistan
63%
Palau
63%
Panama
63%
Papua New Guinea
63%
Paraguay
63%
Peru
63%
Philippines
63%
Poland
63%
Portugal
63%
Jamaica
58%
Japan
58%
Jordan
58%
Vanuatu
58%
Vatican City
58%
Venezuela
58%
Vietnam
58%
Zambia
58%
Zimbabwe
58%
Qatar
54%
No matching quizzes found
Score Distribution
Percent of People with Each Score
Percentile by Number Answered
Your Score History
You have not taken this quiz